3 Clubs - 1 joueur #2 - Statistiques

Statistiques générales
  • Ce quiz a été pris 90 fois
  • Le résultat moyen est 3 sur 10
Statistiques - réponses
Clubs Joueur % Correct
AC Ajaccio - Malaga CF - Club America Guillermo Ochoa
58%
Bayern Munich - Juventus FC - LA Galaxy Douglas Costa
49%
Villareal CF - Malaga CF - Arsenal FC Santi Cazorla
47%
Stade de Reims - Lille LOSC - Girondins de Bordeaux Nicolas de Preville
34%
Manchester City - Chelsea FC - Liverpool FC Daniel Sturridge
32%
Stade rennais FC - Inter Milan - Olympiakos Yann Mvila
24%
Séville FC - Manchester City -Valence CF Alvaro Negredo
23%
AS Monaco - PSG - AC Milan Jérémy Menez
23%
Manchester United - Valence CF - Orlando City Nani
22%
PSG - Liverpool FC - Stade de Reims David Ngog
14%
Aucun quiz correspondant
Distribution des résultats
% des personnes avec chaque résultat
Percentile par nombre de réponses
Votre historique - résultats
Vous n’avez pas pris ce quiz